| 000 | 00732nam a2200265Ia 4500 | ||
|---|---|---|---|
| 003 | OSt | ||
| 005 | 20221005122235.0 | ||
| 006 | a|||||r|||| 00| 0 | ||
| 007 | ta | ||
| 008 | 221004b |||||||| |||| 00| 0 urd d | ||
| 020 | _cINR 150.00 | ||
| 024 | _a35949 | ||
| 037 |
_b4920, 25/02/2017, Kitabi Duniya _cTextual |
||
| 040 |
_aCRL _cCRL _burd |
||
| 041 |
_2urd _aurd |
||
| 082 | _aQ7:4, 168P2 | ||
| 100 |
_aShaikh Shafi Au. _9631703 |
||
| 245 | 0 | _aIslam mein husn-e-akhlaq ki ahmiyat | |
| 260 | _c2002 | ||
| 300 |
_a262p. _ccm. |
||
| 650 | _a RITES AND CEREMONIES | ||
| 650 | _aISLAM | ||
| 942 |
_hQ7:4, 168P2 _cTEXL _2cc |
||
| 999 |
_c1043715 _d1043715 |
||